• 首页
  • 本馆介绍
  • 公告通知
  • 最新文献
  • 馆藏检索
  • 电子资源
  • 读者导购
  • 参考咨询
  • 我的图书馆
  • 登录
  • 详细信息显示
  • 放入我的书架
  • 预约/预借图书
  • 作者相关作品
  • 分类相关作品
  • 丛书相关作品
  • 出版社相关作品

书目信息

  • 表格格式
  • 工作单格式
  • 卡片格式
题名:
动物摄影
    
 
作者: 张词祖 著
分册:  
出版信息: 杭州   浙江摄影出版社  2000
页数: 127页
开本: 24cm
丛书名: 摄影与观察系列
单 册:
中图分类: J419.5
科图分类:
主题词: 野生动物--摄影技术 , 野生动物 , 摄影技术
电子资源:
ISBN: 7-80536-759-0
000 00670nam0 2200265 45
001 (011001)c2001029345
005 20031219104108.3
010    @a7-80536-759-0@dCNY70.00
100    @a20001129d2000 em y0chiy0110 ea
101 0  @achi
102    @aCN@b330000
105    @aa z 000yy
106    @ar
200 1  @a动物摄影@f张词祖著
210    @a杭州@c浙江摄影出版社@d2000
215    @a127页@c图@d24cm
225 2  @a摄影与观察系列
461  0 @12001 @a摄影与观察系列
606 0  @a野生动物@x摄影技术
606 0  @a野生动物
606 0  @a摄影技术
690    @aJ419.5@v4
701  0 @a张词祖@4著
801    @aCN@bTSTC@c20030403
905    @b321848-852@dJ419.5@e144@f5
    
    动物摄影/张词祖著.-杭州:浙江摄影出版社,2000
    127页:图;24cm.-(摄影与观察系列)
    
    
    ISBN 7-80536-759-0:CNY70.00
    
●
相关链接 在E读中查询图书 在五车中查询图书 在当当中查询图书 在豆瓣中查询图书


正题名:动物摄影     索取号:J419.5/144         预约/预借

序号 登录号 条形码 馆藏地/架位号 状态 备注
1 0321848   203218482   第一借阅区/ [索取号:J419.5/144] 在馆    
2 0321849   203218491   第一借阅区/ [索取号:J419.5/144] 在馆    
3 0321850   203218507   第一借阅区/ [索取号:J419.5/144] 在馆    
4 0321851   203218516   第一借阅区/ [索取号:J419.5/144] 在馆    
5 0321852   203218525   第一样本阅览室/ [索取号:J419.5/144] 在馆    
唐山师范学院图书馆 欢迎您!
大连网信软件有限公司© 版权所有